00462nam a2200181Ia 4500003000400000005001700004008004100021020001500062040001800077041000800095082002100103100001900124245003800143250001200181260005200193300002400245650001100269OSt20241212103652.0210716s2003 xx 000 0 und d a0385508042 cAIMIT LIBRARY aeng a808.83 21bGRIJ aGrisham, John. aKing of torts /cBy John Grisham. a1st ed. aNew York :bDoubleday and Company, Inc ;c2003. a372p. ;bPBc24 cm. aNovels